Textbook of Nursing Management and Services (Record no. 157489)

MARC details
000 -LEADER
fixed length control field 00359nam a2200133Ia 4500
008 - FIXED-LENGTH DATA ELEMENTS--GENERAL INFORMATION
fixed length control field 230411s9999 xx 000 0 und d
041 ## - LANGUAGE CODE
Language code of text/sound track or separate title eng
082 ## - DEWEY DECIMAL CLASSIFICATION NUMBER
Classification number AD/610.6/KAU/B07359
100 ## - MAIN ENTRY--PERSONAL NAME
Personal name Kaur Kamaljit
245 ## - TITLE STATEMENT
Title Textbook of Nursing Management and Services
260 ## - PUBLICATION, DISTRIBUTION, ETC. (IMPRINT)
Name of publisher, distributor, etc. Jaypee Brothers
Place of publication, distribution, etc. New Delhi
Date of publication, distribution, etc. 2013
300 ## - PHYSICAL DESCRIPTION
Extent 360p
Holdings
Withdrawn status Lost status Damaged status Not for loan Collection code Home library Current library Date acquired Vendor Cost, normal purchase price Bill number Shelving control number Total Checkouts Full call number Barcode Date last seen Cost, replacement price Bill Date Koha item type Original Barcode
          Smt. Bakul Tambat Institute of Nursing Education Smt. Bakul Tambat Institute of Nursing Education 31/12/2012 Jaypee Brothers Medical Publishers 295.00 4075 2   AD 610.6 KAU B07359 BTIN-BK-7359 11/04/2023 215.00 31/12/2012 Books B07359